000 00710nam a2200229 a 4500
001 BRCA_5893
005 20190320205244.0
008 170311t1936----gw-#######---#000-0#ger-#
041 _ager
044 _agw
050 4 _aPT2615
_pA55
_b.R52
_c1936
100 1 _aHandel-Mazzetti, Erica Ludovica MarĂ­a, Freiin von.
_914900
245 1 0 _aDer Richter von Stenr
_cHandel-Mazzeti; mit einem Nachwort von Wilhelm Spael.
260 _aLeipzig, Alemania
_bP. Reclam
_c1936
300 _a91 p.
_c16 cm.
440 0 _aReclams Universal Bibliothek.
_vno.6454
_914901
500 _aTiene la pasta trasera rota y sin un pedazo.
500 _aH134
700 1 _aSpael, Wilhelm
_914902
902 _aGFM
942 _2lcc
_cB
999 _c5582
_d5582